| 000 | 00397 a2200133 4500 | ||
|---|---|---|---|
| 040 |
_aDLC _bDLC |
||
| 082 | _a510 | ||
| 100 | _aShoaib-ud-Din | ||
| 245 |
_aDiscrete Mathematics MTH202 _cShoaib-ud-Din _hCD-ROM |
||
| 260 |
_aLahore: _bVirtual University, _c2005. |
||
| 300 | _e7 CD-ROMs (3/4in) | ||
| 500 | _aLectures: 1-7, 8-14, 15-21, 22-28, 29-35, 36-42, 43-45 (7 CD-ROMs) | ||
| 942 |
_cCD _k510 SHO _2ddc |
||
| 999 |
_c9472 _d9472 |
||